|
|
|
|
| LEADER |
00000nam a2200000 a 4500 |
| 001 |
vtls001413818 |
| 003 |
SK-MaSNL |
| 005 |
20260302035128.0 |
| 008 |
250312s1969 xo slo |
| 035 |
|
|
|a SNK000368544
|
| 035 |
|
|
|a urn:nbn:sk:snk-amyer1
|
| 035 |
|
|
|a urn:nbn:sk:snk-am00chdg
|
| 035 |
|
|
|a F072A661-82AB-4249-AF51-DF70131F2411
|
| 040 |
|
|
|a SNK
|b slo
|c SNK
|e AACR2
|
| 041 |
0 |
|
|a slo
|
| 044 |
|
|
|a xo
|c SK
|
| 100 |
1 |
|
|a Glesinger, Lavoslav
|4 aut
|9 687595
|
| 245 |
1 |
0 |
|a Československo juhoslovanské medicínske styky v minulosti
|
| 260 |
|
|
|a Bratislava
|b SAV
|c 1969
|
| 300 |
|
|
|a 92 s.
|
| 852 |
|
|
|a Slovenská národná knižnica
|
| 958 |
|
|
|a OND
|
| 999 |
|
|
|c 1069381
|d 1071311
|
| 952 |
|
|
|a SNK
|b SNK
|y VYP
|7 0
|p 17A0301688
|o snkSD 36520 D1
|i snkKSP 1016/70
|0 0
|1 0
|4 0
|d 2001-05-25
|l 0
|r 2005-01-02 00:00:00
|w 2026-02-24
|
| 952 |
|
|
|a SNK
|b SNK
|y PREZ
|7 0
|p 17A0892621
|o snkSD 36520
|0 0
|1 0
|4 0
|d 2013-08-12
|f 1
|l 0
|r 2026-02-24 15:50:24
|w 2026-02-24
|